000 00675nam a2200265Ia 4500
005 20260121170504.0
008 008 260114s9999 xx 000 0 eng d
020 _a9783319736853
037 _aEBOOK
040 _aCRL
040 _beng
040 _cCRL
041 _2eng
041 _aeng
084 _qCRL
100 _aMaartje Abbenhuis, Neill Atkinson, Kingsley Baird, Gail Romano
_91064506
245 4 _aThe Myriad Legacies of 1917
260 _bSpringer
260 _bSpringer
260 _c2018
856 _uhttps://link.springer.com/openurl?genre=book&isbn=978-3-319-73685-3
942 _cEBOOK
999 _c1630235
_d1630235